| 000 | 00635nam a22002057a 4500 | ||
|---|---|---|---|
| 010 | _aB-024067 | ||
| 035 | _aB-024067 | ||
| 037 | _bCen Lib / Ret | ||
| 040 |
_aDPL _bEN |
||
| 082 |
_a307.772 _bSIN |
||
| 245 |
_aTribal movements in India / _cedited by K. S. Singh |
||
| 260 |
_aNew Delhi _bManohar _c1982 |
||
| 270 |
_a1 Ansari Road, Darya Ganj _bNew Delhi _e110002 |
||
| 300 |
_a(v 2. ix, 414p) _b24cm(Hb) |
||
| 650 | _aEthnicity -- India. | ||
| 650 | _aIndia -- Scheduled tribes -- Political activity. | ||
| 650 | _aIndia -- Ethnic relations. | ||
| 700 | _aK. S. Singh | ||
| 942 |
_2ddc _cEN _h307.772 _mSIN |
||
| 999 |
_c136739 _d136739 |
||